[Event "Titled Tue 17th Jun Late"]
[Site "chess.com INT"]
[Date "2025.06.17"]
[Round "1"]
[White "Brady, Tyson"]
[Black "Petrenko, Maryna"]
[Result "0-1"]
[WhiteTitle "CM"]
[BlackTitle "WFM"]
[WhiteElo "2170"]
[BlackElo "2062"]
[WhiteFideId "30970369"]
[BlackFideId "14197820"]
[EventDate "2025.06.17"]

1. Nf3 d5 2. g3 Nf6 3. Bg2 e6 4. O-O Be7 5. d3 O-O 6. Nbd2 c5 7. e4 Nc6 8. Re1
b5 9. e5 Nd7 10. Nf1 Bb7 11. h4 Qc7 12. Bf4 Rfc8 13. N1h2 Qd8 14. Ng4 h6 15. c3
b4 16. Qd2 Bf8 17. h5 a5 18. Bxh6 gxh6 19. Nxh6+ Bxh6 20. Qxh6 Qf8 21. Qf4 Ba6
22. Bf1 Ne7 23. g4 bxc3 24. bxc3 d4 25. c4 Bb7 26. Nd2 Qg7 27. Bg2 Bxg2 28. Kxg2
Nc6 29. Nf3 Rab8 30. h6 Qg6 31. Re4 Ne7 32. Rh1 Kh8 33. Nh4 Qh7 34. Qg5 Ng6 35.
Nf3 Rg8 36. Qh4 Nxh4+ 37. Rxh4 Rg6 38. Kg3 Rxh6 39. Ng5 Rxh4 40. Nxh7 Rxh7 41.
f4 Rg7 42. f5 exf5 0-1

[Event "Titled Tue 17th Jun Late"]
[Site "chess.com INT"]
[Date "2025.06.17"]
[Round "1"]
[White "Arakelyan, Manvel"]
[Black "Yevchenko, Oleksandr"]
[Result "1-0"]
[WhiteTitle "FM"]
[BlackTitle "CM"]
[WhiteElo "2326"]
[BlackElo "2276"]
[WhiteFideId "13317415"]
[BlackFideId "14108267"]
[EventDate "2025.06.17"]

1. e4 c5 2. Nf3 d6 3. Bb5+ Nd7 4. a4 a6 5. Be2 Ngf6 6. Nc3 g6 7. O-O Bg7 8. a5
O-O 9. d3 b6 10. axb6 Nxb6 11. Qd2 Bb7 12. Qg5 c4 13. Qh4 cxd3 14. cxd3 h5 15.
Be3 Ng4 16. Bd4 Ne5 17. Nxe5 dxe5 18. Bc5 Bf6 19. Qg3 Kh7 20. f4 exf4 21. Qxf4
Bd4+ 22. Bxd4 Qxd4+ 23. Kh1 Rad8 24. Ra5 Qd6 25. Qh4 f6 26. Bxh5 Kg7 27. Qg4 g5
28. h4 Qxd3 29. Rf3 Qd7 30. Rxg5+ fxg5 31. Qxg5+ Kh7 32. Qg6+ Kh8 33. Qh6+ 1-0

[Event "Titled Tue 17th Jun Late"]
[Site "chess.com INT"]
[Date "2025.06.17"]
[Round "1"]
[White "Mujumdar, Sameer"]
[Black "Unver, Cumayi"]
[Result "1-0"]
[WhiteElo "2043"]
[BlackElo "2012"]
[WhiteFideId "2029707"]
[BlackFideId "6304940"]
[EventDate "2025.06.17"]

1. d4 Nf6 2. c4 g6 3. Nc3 Bg7 4. e4 d6 5. Nf3 O-O 6. Be2 e5 7. Be3 c6 8. O-O Na6
9. d5 c5 10. Nd2 Nc7 11. a3 Bd7 12. Qc2 a6 13. b4 b6 14. Rab1 Rb8 15. Rb2 h5 16.
Rfb1 Ra8 17. Bg5 Kh7 18. bxc5 bxc5 19. Rb6 Nce8 20. Nb3 Bh6 21. Bxh6 Kxh6 22.
Na5 Kg7 23. Qd2 Nh7 24. Nc6 Qf6 25. Bd1 h4 26. Rb7 Bc8 27. Rb8 Rxb8 28. Rxb8 Bd7
29. Na4 h3 30. g3 Ng5 31. Qe3 Kh6 32. Nb6 Bxc6 33. dxc6 Ng7 34. Rxf8 Nh5 35. Nd5 1-0

[Event "Titled Tue 17th Jun Late"]
[Site "chess.com INT"]
[Date "2025.06.17"]
[Round "1"]
[White "Melendez Manuel A."]
[Black "Alrehaili, Ahmed Abdullah S"]
[Result "0-1"]
[WhiteTitle "FM"]
[BlackTitle "FM"]
[WhiteElo "2154"]
[BlackElo "2145"]
[WhiteFideId "6706800"]
[BlackFideId "21518840"]
[EventDate "2025.06.17"]

1. d4 Nf6 2. c4 g6 3. Nc3 Bg7 4. h4 d6 5. h5 Nxh5 6. e4 Nf6 7. Be2 Nbd7 8. g4 h6
9. Be3 c5 10. dxc5 Nxc5 11. Bxc5 dxc5 12. Qxd8+ Kxd8 13. O-O-O+ Kc7 14. e5 Nxg4
15. Nd5+ Kb8 16. Bxg4 Bxg4 17. f3 Be6 18. f4 b6 19. b3 Kb7 20. Nxe7 Rad8 21. Nf3
Rxd1+ 22. Rxd1 Bg4 23. Rd3 Re8 24. Nd5 g5 25. Nh2 Bf5 26. Rg3 Bh8 27. Rf3 gxf4
28. Rxf4 Be6 29. Nf3 Rg8 30. Nc3 Rg3 31. Ne4 Rg2 32. Nd6+ Kc6 33. Nxf7 Bxf7 34.
Rxf7 Bg7 35. Kd1 h5 36. Nd2 Bxe5 37. Ne4 Rg4 38. Rh7 Rxe4 0-1

[Event "Titled Tue 17th Jun Late"]
[Site "chess.com INT"]
[Date "2025.06.17"]
[Round "1"]
[White "Gubajdullin, Alexei"]
[Black "Sarana, Alexey"]
[Result "0-1"]
[WhiteTitle "FM"]
[BlackTitle "GM"]
[WhiteElo "2233"]
[BlackElo "2686"]
[WhiteFideId "4141202"]
[BlackFideId "24133795"]
[EventDate "2025.06.17"]

1. Nf3 d5 2. g3 c6 3. Bg2 Bf5 4. O-O Nd7 5. d3 e5 6. Nbd2 Ngf6 7. Nh4 Be6 8. e4
dxe4 9. dxe4 Bc5 10. Qe2 O-O 11. Nc4 Re8 12. Be3 b5 13. Nd2 Qb6 14. Bxc5 Nxc5
15. Rfb1 Rad8 16. Nf1 Bc4 17. Qe1 Rd4 18. Nf5 Rd7 19. Qe3 g6 20. Bh3 Kh8 21. Nh6
Rde7 22. f3 Bxf1 23. Kxf1 Na4 24. Qg5 Ng8 25. Ng4 Qc5 26. c3 b4 27. cxb4 Qxb4
28. b3 Nc3 29. Re1 Nb5 30. Kg1 Nd4 31. Bg2 Nc2 32. Red1 Nxa1 33. h4 Nc2 34. h5
Nd4 35. h6 Qc5 36. Kh2 Ne6 37. Qh4 f5 38. Nf6 Nxf6 39. Qxf6+ Kg8 40. exf5 Rf7
41. Qh4 Rxf5 42. Rd7 Rh5 0-1

[Event "Titled Tue 17th Jun Late"]
[Site "chess.com INT"]
[Date "2025.06.17"]
[Round "1"]
[White "Zhukovskyi, Oleksandr"]
[Black "Fomevor, Cephas Clinton"]
[Result "1-0"]
[WhiteTitle "CM"]
[BlackTitle "CM"]
[WhiteElo "2145"]
[BlackElo "1883"]
[WhiteFideId "14169371"]
[BlackFideId "12601330"]
[EventDate "2025.06.17"]

1. e4 c5 2. Nf3 Nc6 3. Bb5 g6 4. Bxc6 dxc6 5. d3 Bg7 6. h3 Qc7 7. O-O e5 8. a4
a5 9. Be3 b6 10. Na3 Ne7 11. Nc4 Be6 12. b3 O-O 13. Ng5 Bxc4 14. bxc4 Qd6 15.
Rb1 Rab8 16. f4 h6 17. fxe5 Bxe5 18. Nf3 Bg3 19. Bxh6 Rfe8 20. Ng5 f5 21. Qf3 f4
22. Qg4 b5 23. axb5 cxb5 24. cxb5 c4 25. Qe6+ Qxe6 26. Nxe6 cxd3 27. cxd3 Nc8
28. Bxf4 Bxf4 29. Nxf4 Nd6 30. b6 Kg7 31. Nd5 a4 32. Ra1 Nc8 33. Rfb1 Re6 34.
Rxa4 Nxb6 35. Rab4 1-0

[Event "Titled Tue 17th Jun Late"]
[Site "chess.com INT"]
[Date "2025.06.17"]
[Round "1"]
[White "Mai, Alexander Oliver"]
[Black "Salonen, Aku"]
[Result "0-1"]
[WhiteTitle "CM"]
[BlackTitle "FM"]
[WhiteElo "2171"]
[BlackElo "2330"]
[WhiteFideId "2313391"]
[BlackFideId "517577"]
[EventDate "2025.06.17"]

1. e4 e6 2. d4 d5 3. exd5 exd5 4. Nf3 Nf6 5. Bd3 Bd6 6. Qe2+ Qe7 7. Qxe7+ Kxe7
8. O-O Be6 9. Re1 Nbd7 10. Nbd2 Rhe8 11. Ne5 Kf8 12. h3 c6 13. Ndf3 Nb6 14. Bg5
Kg8 15. Bxf6 gxf6 16. Ng4 Kg7 17. Ne3 Na4 18. b3 Nc3 19. Nf5+ Bxf5 20. Bxf5 Ba3
21. Rxe8 Rxe8 22. Re1 Rxe1+ 23. Nxe1 Nb5 24. Kf1 Nxd4 25. Bc8 b6 26. Bb7 Bb4 27.
Nf3 Nxc2 28. Bxc6 Bc5 29. Bxd5 Nb4 30. Bc4 Nxa2 31. Ne1 Nc3 32. Nd3 Bd6 33. Ke1
b5 34. Bd5 Nxd5 0-1

[Event "Titled Tue 17th Jun Late"]
[Site "chess.com INT"]
[Date "2025.06.17"]
[Round "1"]
[White "Risteski, Emil"]
[Black "Levano Loayza, Adriano Jaffet"]
[Result "1-0"]
[WhiteTitle "IM"]
[BlackTitle "CM"]
[WhiteElo "2374"]
[BlackElo "2023"]
[WhiteFideId "15005267"]
[BlackFideId "3865584"]
[EventDate "2025.06.17"]

1. c4 Nf6 2. Nc3 e6 3. d4 Bb4 4. e3 O-O 5. Bd3 d5 6. a3 Be7 7. Nge2 dxc4 8. Bxc4
c5 9. O-O Nc6 10. dxc5 Bxc5 11. b4 Be7 12. Qb3 b6 13. Rd1 Qc7 14. Bb2 Bb7 15.
Nb5 Qb8 16. Rac1 a6 17. Nbd4 Nxd4 18. Nxd4 b5 19. Bxe6 fxe6 20. Qxe6+ Rf7 21.
Nf5 Bf8 22. Bxf6 gxf6 23. Rd7 Qe8 24. Qxe8 Rxe8 25. Rxf7 Kxf7 26. Rc7+ Kg6 27.
Nh4+ Kg5 28. Rxb7 Kxh4 29. Rxh7+ Kg5 30. Ra7 Re6 31. g3 Kf5 32. Kg2 Ke4 33. h4
Kd3 34. Rc7 a5 35. Rc8 Be7 36. h5 axb4 37. axb4 f5 38. Re8 Kc4 39. h6 Rxh6 40.
Rxe7 Kxb4 41. Rf7 Rh5 42. Kf3 Kc3 43. g4 fxg4+ 44. Kxg4 Rc5 45. Rb7 b4 46. f4 b3
47. e4 Rc4 48. e5 Rb4 49. Rxb4 Kxb4 50. e6 b2 51. e7 b1=Q 52. e8=Q Qd1+ 53. Kg5
Qg1+ 54. Kf6 Qd4+ 55. Qe5 Qd8+ 56. Qe7+ Qxe7+ 57. Kxe7 1-0

[Event "Titled Tue 17th Jun Late"]
[Site "chess.com INT"]
[Date "2025.06.17"]
[Round "1"]
[White "Modric, Nesa"]
[Black "Shukhman, Anna"]
[Result "0-1"]
[WhiteTitle "CM"]
[BlackTitle "WGM"]
[WhiteElo "2088"]
[BlackElo "2413"]
[WhiteFideId "922579"]
[BlackFideId "54180058"]
[EventDate "2025.06.17"]

1. d4 d5 2. Bg5 g6 3. Nf3 Bg7 4. e3 Nf6 5. Nbd2 c5 6. c3 Qb6 7. Qb3 c4 8. Qxb6
axb6 9. a3 b5 10. Bxf6 Bxf6 11. e4 dxe4 12. Nxe4 Bg7 13. g3 Bf5 14. Nfd2 Nc6 15.
Bg2 O-O 16. O-O Rad8 17. Nc5 b6 18. Bxc6 bxc5 19. Bxb5 cxd4 20. Nxc4 dxc3 21.
bxc3 Bxc3 22. Rac1 Bd4 23. a4 Rb8 24. Rfd1 e5 25. Ne3 Be6 26. Rc7 Rfd8 27. h4 f5
28. Re7 Bf7 29. h5 f4 30. Ng4 fxg3 31. Nh6+ Kg7 32. Rxf7+ Kxh6 33. hxg6 Bxf2+
34. Kg2 Rxd1 35. gxh7 Rh8 36. a5 Rxh7 37. Rf6+ Kg5 38. Re6 Kf4 39. Rf6+ Ke3 40.
Rf3+ Kd4 41. Rf6 Rg1+ 42. Kf3 e4+ 43. Ke2 Re1+ 44. Kd2 e3+ 45. Kc2 Rc7+ 46. Kb2
g2 0-1

[Event "Titled Tue 17th Jun Late"]
[Site "chess.com INT"]
[Date "2025.06.17"]
[Round "1"]
[White "Venkatesh, Narayan"]
[Black "Schracke, Guido"]
[Result "1-0"]
[WhiteTitle "FM"]
[BlackTitle "CM"]
[WhiteElo "2168"]
[BlackElo "2138"]
[WhiteFideId "30987881"]
[BlackFideId "4637054"]
[EventDate "2025.06.17"]

1. Nf3 c5 2. e3 Nc6 3. c4 d6 4. b3 Bg4 5. Bb2 e5 6. Nc3 Nf6 7. Be2 Be7 8. O-O
O-O 9. h3 Bh5 10. d3 a6 11. Nd2 Bg6 12. a3 Rb8 13. Nde4 Nxe4 14. dxe4 Qd7 15.
Bg4 f5 16. exf5 Bxf5 17. Bxf5 Qxf5 18. Nd5 Bh4 19. Qe2 Rf7 20. Rad1 Rd8 21. e4
Qg6 22. b4 Nd4 23. Bxd4 cxd4 24. f4 exf4 25. Nxf4 Qh6 26. Nd5 Rxf1+ 27. Rxf1 Qe6
28. Qd3 Re8 29. Rf4 Bg5 30. Rg4 h6 31. Nc7 Qe7 32. Nxe8 Qxe8 33. Qxd4 Kh7 34.
Qd5 Qe7 35. Rg3 Kh8 36. Rf3 Bf6 37. c5 Be5 38. cxd6 Bxd6 39. Rf7 Qd8 40. e5 Qb6+
41. Kh2 Bc7 42. Rf8+ Kh7 43. Qg8+ Kg6 44. Qf7+ Kh7 45. Qf5+ g6 46. Qf7# 1-0

[Event "Titled Tue 17th Jun Late"]
[Site "chess.com INT"]
[Date "2025.06.17"]
[Round "1"]
[White "Galchenko, Matvey"]
[Black "Noroozi, Omid"]
[Result "1-0"]
[WhiteTitle "IM"]
[BlackTitle "IM"]
[WhiteElo "2435"]
[BlackElo "2266"]
[WhiteFideId "24175480"]
[BlackFideId "12501190"]
[EventDate "2025.06.17"]

1. f4 g6 2. Nf3 Bg7 3. g3 d6 4. d3 c5 5. Nc3 Nf6 6. Bg2 O-O 7. O-O Nc6 8. e4 Rb8
9. h3 b5 10. a3 a5 11. g4 b4 12. axb4 axb4 13. Ne2 e6 14. Ng3 d5 15. e5 Nd7 16.
Be3 f6 17. exf6 Bxf6 18. Rb1 Qe7 19. Re1 Qg7 20. Qc1 Nd4 21. Bf2 Nxf3+ 22. Bxf3
Bd4 23. Rxe6 Ne5 24. Rxe5 Bxe5 25. Bxd5+ Kh8 26. fxe5 Qxe5 27. Qh6 Be6 28. Bxe6
Qxe6 29. Re1 Qd6 30. Ne4 Qd5 31. Ng5 Qd7 32. Bxc5 Rfe8 33. Rf1 Qc7 34. Bd6 Qa7+
35. Kg2 Rb7 36. Rf8+ Rxf8 37. Qxf8# 1-0

[Event "Titled Tue 17th Jun Late"]
[Site "chess.com INT"]
[Date "2025.06.17"]
[Round "1"]
[White "Tanriverdi, Enes"]
[Black "Sitnic, Adnan"]
[Result "1-0"]
[WhiteTitle "IM"]
[BlackTitle "CM"]
[WhiteElo "2413"]
[BlackElo "2058"]
[WhiteFideId "34543279"]
[BlackFideId "14403854"]
[EventDate "2025.06.17"]

1. e4 Nc6 2. Nc3 d6 3. Bc4 Nf6 4. d3 Na5 5. Bb3 Nxb3 6. axb3 g6 7. f4 Bg7 8. Nf3
O-O 9. h3 c6 10. O-O b5 11. Qe1 Bb7 12. Qh4 e6 13. f5 exf5 14. Bg5 b4 15. Ne2
Re8 16. Ng3 fxe4 17. Nxe4 Qb6+ 18. Kh2 Nxe4 19. dxe4 c5 20. Bh6 Rxe4 21. Qg5
Bxb2 22. Rae1 Rae8 23. Rxe4 Bxe4 24. Nd2 Bxc2 25. Nc4 Qd8 26. Qd2 Bg7 27. Bxg7
Kxg7 28. Qxc2 d5 29. Qb2+ f6 30. Na5 d4 31. Nc4 Qc7+ 32. Kh1 Qg3 33. Qa2 Re1 34.
Qxa7+ Kh6 35. Rxe1 Qxe1+ 36. Kh2 Qf2 37. Qxc5 Qf4+ 38. Kg1 Qc1+ 39. Kf2 Qc2+ 40.
Kg1 Qc1+ 41. Kf2 Qc2+ 42. Kg3 Qd3+ 43. Kh2 Qe4 44. Qxb4 Qf4+ 45. Kg1 Qc1+ 46.
Kf2 Qf4+ 47. Ke2 Qe4+ 48. Kd1 Qxg2 49. Qd2+ Qxd2+ 50. Kxd2 Kg5 51. b4 Kf4 52. b5
Kf5 53. b6 Ke6 54. b7 Kd5 55. b8=Q Kxc4 56. Qc7+ Kd5 57. Qxh7 Ke5 58. Qxg6 f5
59. h4 Kf4 60. h5 1-0

[Event "Titled Tue 17th Jun Late"]
[Site "chess.com INT"]
[Date "2025.06.17"]
[Round "1"]
[White "Beletic, Daniel"]
[Black "Nedelcu, Teodor-Cosmin"]
[Result "0-1"]
[WhiteTitle "FM"]
[BlackTitle "FM"]
[WhiteElo "2269"]
[BlackElo "2281"]
[WhiteFideId "14602709"]
[BlackFideId "1246305"]
[EventDate "2025.06.17"]

1. e4 c5 2. c3 Nf6 3. e5 Nd5 4. Bc4 e6 5. d4 Nc6 6. Nf3 d6 7. Qe2 cxd4 8. cxd4
dxe5 9. dxe5 Bb4+ 10. Nbd2 O-O 11. O-O Qc7 12. Nb3 a6 13. Qe4 f5 14. exf6 Nxf6
15. Qh4 Be7 16. Bf4 Qb6 17. Be3 Qc7 18. Ng5 Kh8 19. Rac1 Qe5 20. Nd4 Nxd4 21.
Bxd4 Qf5 22. Rfe1 Nd5 23. Re5 Bxg5 24. Rxf5 Rxf5 25. Qh5 Bd7 26. Bd3 Nf4 27. Qg4
Nxd3 28. Rc7 Rc8 29. Rxc8+ Bxc8 30. Qh5 Bd7 31. h4 Be3 32. Bxg7+ Kg8 33. Qg4
Nxf2 0-1

[Event "Titled Tue 17th Jun Late"]
[Site "chess.com INT"]
[Date "2025.06.17"]
[Round "1"]
[White "Mulawa, Cyprian"]
[Black "Yang, Daniel"]
[Result "1-0"]
[WhiteTitle "FM"]
[BlackTitle "CM"]
[WhiteElo "2324"]
[BlackElo "2198"]
[WhiteFideId "21001855"]
[BlackFideId "30976340"]
[EventDate "2025.06.17"]

1. e4 c5 2. Nf3 Nc6 3. Bb5 g6 4. Bxc6 bxc6 5. d4 Bg7 6. c3 cxd4 7. cxd4 Ba6 8.
Nc3 Nf6 9. Bg5 O-O 10. Bxf6 Bxf6 11. Ne2 Rb8 12. Rb1 Qa5+ 13. Qd2 Qd8 14. O-O d5
15. e5 Bg7 16. Rfc1 Qb6 17. Rc5 Rfc8 18. b3 e6 19. Nc3 Bf8 20. Na4 Qb4 21. Qxb4
Rxb4 22. Ra5 Bd3 23. Rc1 Be4 24. Rxa7 Bxf3 25. gxf3 Rxd4 26. Nb6 Rd8 27. Rxc6
Rd1+ 28. Kg2 d4 29. Rd7 Rb8 30. Nc4 d3 31. Rcc7 Ra1 32. Rxd3 Rxa2 33. Nd6 Rb2
34. Nxf7 R2xb3 35. Rxb3 Rxb3 36. Ng5 Rb6 37. Nxh7 Bg7 38. Ng5 Bxe5 39. Re7 Rb5
40. Rxe6 Bg7 41. Rxg6 Rf5 42. Ne6 Rf7 43. h4 1-0

[Event "Titled Tue 17th Jun Late"]
[Site "chess.com INT"]
[Date "2025.06.17"]
[Round "1"]
[White "Sliwicka, Alicja"]
[Black "Jedryczka, Krystian"]
[Result "1-0"]
[WhiteTitle "WGM"]
[WhiteElo "2299"]
[BlackElo "2079"]
[WhiteFideId "1150677"]
[BlackFideId "1109472"]
[EventDate "2025.06.17"]

1. e4 e5 2. Nf3 Nc6 3. Nc3 Nf6 4. a3 Be7 5. d4 d6 6. Bb5 Bd7 7. d5 Nb8 8. Bxd7+
Nbxd7 9. Bg5 O-O 10. Qd2 b5 11. b4 a5 12. O-O Qb8 13. Nh4 Re8 14. Nf5 Bf8 15.
Rab1 axb4 16. axb4 Ra3 17. Rb3 Rxb3 18. cxb3 Qa8 19. Qb2 Rc8 20. Ra1 Qb7 21. Ra5
c6 22. Ne3 Ra8 23. Qa1 Rxa5 24. Qxa5 h6 25. Bxf6 Nxf6 26. Qd8 c5 27. bxc5 dxc5
28. d6 Qd7 29. Qxd7 Nxd7 30. Nxb5 g6 31. Nc4 f5 32. f3 Kf7 33. Kf2 fxe4 34. fxe4
h5 35. Ke3 g5 36. Nc7 g4 37. Kd3 h4 38. Nb5 h3 39. g3 Bh6 40. Nc3 Bf4 41. Ne2
Bg5 42. Ng1 Ke6 43. Ne2 Bh6 44. Kc3 Bf8 45. Ne3 Nf6 46. Kd3 Bxd6 47. Nc3 Bc7 48.
Ncd5 Bd8 49. Nxf6 Bxf6 50. Nxg4 Bg5 51. Nf2 Bc1 52. Nxh3 Kf6 53. Ng1 Bb2 54. Nf3
Kg6 55. g4 Kf6 56. h4 Kg6 57. h5+ Kh6 58. Kc4 Bd4 59. Kd5 1-0

[Event "Titled Tue 17th Jun Late"]
[Site "chess.com INT"]
[Date "2025.06.17"]
[Round "1"]
[White "Sinkar, Anagha Aniket"]
[Black "Robert, Yoann"]
[Result "1/2-1/2"]
[WhiteTitle "WCM"]
[BlackTitle "CM"]
[WhiteElo "1776"]
[BlackElo "2203"]
[WhiteFideId "30974780"]
[BlackFideId "36018805"]
[EventDate "2025.06.17"]

1. e4 c5 2. c3 Qa5 3. Nf3 Nc6 4. g3 d6 5. Bg2 e5 6. O-O Bg4 7. h3 Bh5 8. Re1 Nf6
9. Na3 b5 10. Qb3 a6 11. d3 Be7 12. Bg5 O-O 13. Rac1 h6 14. Bxf6 Bxf6 15. Qd5
Qc7 16. g4 Bg6 17. d4 c4 18. dxe5 Nxe5 19. Nxe5 Bxe5 20. b3 Qa5 21. Nxc4 Qxa2
22. Nxe5 dxe5 23. Ra1 Qb2 24. Rec1 Rfd8 25. Qxe5 Qxb3 26. Rcb1 Qc2 27. Rc1 Qe2
28. Re1 Qd2 29. Red1 Qxd1+ 30. Rxd1 Rxd1+ 31. Kh2 f6 32. Qe6+ Bf7 33. Qb6 Rc8
34. Qxa6 Rxc3 35. Qxb5 Rc2 36. e5 Rxf2 37. e6 Bxe6 38. Qe8+ Kh7 39. Qxe6 Rdd2
40. Qe4+ Kg8 41. Qe8+ Kh7 42. Qe4+ Kg8 43. Qe8+ Kh7 44. Qe4+ 1/2-1/2

[Event "Titled Tue 17th Jun Late"]
[Site "chess.com INT"]
[Date "2025.06.17"]
[Round "1"]
[White "Ceyhan, Mert"]
[Black "Lagarde, Maxime"]
[Result "0-1"]
[WhiteTitle "CM"]
[BlackTitle "GM"]
[WhiteElo "2220"]
[BlackElo "2621"]
[WhiteFideId "44515820"]
[BlackFideId "662399"]
[EventDate "2025.06.17"]

1. e4 d5 2. exd5 Qxd5 3. Nc3 Qa5 4. Nf3 Nf6 5. Bc4 Bg4 6. h3 Bh5 7. O-O e6 8. d4
Nc6 9. Be3 O-O-O 10. Be2 Bb4 11. Nb1 e5 12. c3 Bd6 13. Nbd2 exd4 14. Nxd4 Nxd4
15. Bxd4 Bxe2 16. Qxe2 Rhe8 17. Qf3 Qd5 18. Bxf6 Qxf3 19. Nxf3 gxf6 20. Rfe1 Kd7
21. Kf1 a5 22. Nd4 a4 23. b4 Re5 24. f4 Rxe1+ 25. Rxe1 Bxf4 26. Nf5 Be5 27. Rd1+
Bd6 28. c4 Kc8 29. c5 Bf8 30. Rxd8+ Kxd8 31. a3 Kd7 32. Ke2 Ke6 33. Nd4+ Kd5 34.
Kd3 b6 35. cxb6 cxb6 36. Nb5 Kc6 37. Nc3 b5 38. Ke4 Bh6 39. Ne2 f5+ 40. Kd3 Bg7
41. Ng3 Bb2 42. Nxf5 Bxa3 43. Kc3 Bc1 44. Nd4+ Kb6 45. g4 Bf4 46. Nf3 Kc6 47.
Nd4+ Kb6 48. Nf3 f6 49. h4 h6 50. h5 Kc7 51. Kc2 Bd6 52. Kc3 Bg3 53. Kc2 Bf2 54.
Kc3 Kd6 55. Nd2 Ke5 56. Nb1 Be1+ 57. Kd3 Bxb4 58. Ke3 a3 0-1

[Event "Titled Tue 17th Jun Late"]
[Site "chess.com INT"]
[Date "2025.06.17"]
[Round "1"]
[White "Mei, Austin"]
[Black "Kollars, Dmitrij"]
[Result "1-0"]
[WhiteTitle "FM"]
[BlackTitle "GM"]
[WhiteElo "2280"]
[BlackElo "2633"]
[WhiteFideId "30948479"]
[BlackFideId "12909572"]
[EventDate "2025.06.17"]

1. e4 e5 2. f4 exf4 3. Nf3 Nf6 4. e5 Nh5 5. Be2 g6 6. O-O d6 7. d4 Nc6 8. exd6
cxd6 9. Ne1 Bg7 10. c3 Nf6 11. Bxf4 O-O 12. Nd2 Nd5 13. Nd3 Bf5 14. Nc4 Nxf4 15.
Nxf4 d5 16. Ne3 Be4 17. Bf3 Ne7 18. Qb3 Qd6 19. Nfxd5 Nxd5 20. Nxd5 Bd3 21. Rfe1
Rab8 22. Rad1 Ba6 23. c4 b6 24. Ne7+ Kh8 25. Nc6 Rbc8 26. d5 Qc5+ 27. Kh1 Bxc4
28. Qc2 Rc7 29. b4 Qb5 30. a4 Qa6 31. b5 Bxb5 32. axb5 Qxb5 33. Qd3 Qc5 34. Qe4
Qd6 35. g3 Rd7 36. Qf4 Bf6 37. Qxd6 Rxd6 38. Nxa7 Kg7 39. Nb5 Rd7 40. d6 Bd8 41.
Bc6 1-0

[Event "Titled Tue 17th Jun Late"]
[Site "chess.com INT"]
[Date "2025.06.17"]
[Round "1"]
[White "Castillo Pena, Patricia Evarista"]
[Black "Cevizci, Yusuf Baran"]
[Result "0-1"]
[WhiteTitle "WFM"]
[BlackTitle "CM"]
[WhiteElo "1909"]
[BlackElo "2062"]
[WhiteFideId "6412106"]
[BlackFideId "34565400"]
[EventDate "2025.06.17"]

1. d4 d5 2. Nf3 Nf6 3. e3 c5 4. Bd3 Nc6 5. b3 cxd4 6. exd4 g6 7. Bb2 Bg7 8. O-O
O-O 9. h3 Nh5 10. c3 Nf4 11. Bc2 Qd7 12. Ne5 Nxe5 13. dxe5 Nxg2 14. Qg4 Qxg4 15.
hxg4 Nf4 16. c4 Bxg4 17. f3 Be6 18. cxd5 Bxd5 19. Nd2 Rac8 20. Be4 Bxe4 21. Nxe4
Rc2 22. Rab1 Nd3 23. Ba3 Nxe5 24. Bxe7 Re8 25. Nf6+ Bxf6 26. Bxf6 Nd3 27. Rfd1
Nf4 28. Rd8 Rxd8 29. Bxd8 Kg7 30. Re1 Nh3+ 31. Kh1 Nf2+ 32. Kg1 Rxa2 33. Be7
Nh3+ 34. Kh1 Nf4 35. Bc5 Ne6 36. Bb4 a5 37. Bc3+ Kf8 0-1

[Event "Titled Tue 17th Jun Late"]
[Site "chess.com INT"]
[Date "2025.06.17"]
[Round "1"]
[White "Gimeno Martos, Roberto"]
[Black "Urquhart, Ed"]
[Result "1/2-1/2"]
[WhiteTitle "CM"]
[WhiteElo "2090"]
[BlackElo "2209"]
[WhiteFideId "2226804"]
[BlackFideId "2603748"]
[EventDate "2025.06.17"]

1. d4 Nf6 2. Nf3 d5 3. e3 Bg4 4. Be2 e6 5. h3 Bh5 6. O-O Bd6 7. c4 O-O 8. Nc3 c6
9. Ne5 Bxe2 10. Qxe2 Nbd7 11. f4 Ne4 12. Nxe4 dxe4 13. Bd2 f6 14. Nxd7 Qxd7 15.
b4 b6 16. Rad1 Qe7 17. c5 Bc7 18. Qc4 b5 19. Qb3 Kh8 20. Qc2 f5 21. Be1 a5 22.
a3 axb4 23. axb4 Ra4 24. Rb1 Rfa8 25. Qd1 Qd7 26. Qh5 g6 27. Qh6 Qg7 28. Qh4 Bd8
29. Qf2 Bf6 30. g4 Qd7 31. g5 Bg7 32. Rb2 Qd5 33. h4 Kg8 34. h5 Kf7 35. h6 Bf8
36. Bd2 Qc4 37. Rc1 Qd5 38. Be1 Ra3 39. Rcb1 Qc4 40. Bd2 Qd3 41. Re1 Ra1 42. Kg2
Rxe1 43. Bxe1 Ra3 44. Bd2 Be7 45. Qf1 Qxf1+ 46. Kxf1 Bd8 47. Ke2 Bc7 48. Be1 Ke7
49. Bd2 Ra1 50. Be1 Kd7 51. Rc2 Kc8 52. Rb2 Kb7 53. Rc2 Rb1 54. Ra2 Rb3 55. Rc2
Rb1 56. Ra2 Bb8 57. Rc2 Bc7 1/2-1/2

[Event "Titled Tue 17th Jun Late"]
[Site "chess.com INT"]
[Date "2025.06.17"]
[Round "1"]
[White "Svane, Frederik"]
[Black "Kukushkin, Ivan"]
[Result "1-0"]
[WhiteTitle "GM"]
[BlackTitle "CM"]
[WhiteElo "2667"]
[BlackElo "2008"]
[WhiteFideId "12923044"]
[BlackFideId "11634103"]
[EventDate "2025.06.17"]

1. c4 e5 2. Nc3 Bb4 3. Nf3 Nc6 4. g3 d6 5. Bg2 Bxc3 6. bxc3 Nge7 7. O-O O-O 8.
Rb1 f5 9. d4 e4 10. Nd2 d5 11. Ba3 Re8 12. e3 b6 13. cxd5 Nxd5 14. Qc2 Ba6 15.
c4 Nf6 16. Rfd1 Na5 17. Bb4 Nc6 18. Bc3 Qd7 19. Qb2 Qd6 20. a4 Na5 21. Bxa5 bxa5
22. Qc3 c5 23. Nb3 cxd4 24. Rxd4 Qc7 25. Qxa5 Qc6 26. Qxf5 Qxa4 27. Nc5 Qc2 28.
Rbd1 Bc8 29. Qf4 Bg4 30. Rf1 Be2 31. Re1 Bxc4 32. Nxe4 Nxe4 33. Bxe4 Qc3 34.
Red1 Rac8 35. Rxc4 Rxc4 36. Bd5+ Kh8 37. Qxc4 Qa5 38. Kg2 Rf8 39. Bf3 Qb6 40.
Rd5 a5 41. Rf5 Rd8 42. Qc5 Qb8 43. Qxa5 Rg8 44. h4 h6 45. h5 Re8 46. Rf7 Qd6 47.
Qf5 Rg8 48. Be4 1-0

[Event "Titled Tue 17th Jun Late"]
[Site "chess.com INT"]
[Date "2025.06.17"]
[Round "1"]
[White "Moskalenko, Alexander"]
[Black "Labussiere, Victor"]
[Result "1-0"]
[WhiteTitle "GM"]
[BlackTitle "FM"]
[WhiteElo "2422"]
[BlackElo "2312"]
[WhiteFideId "4155351"]
[BlackFideId "2183129"]
[EventDate "2025.06.17"]

1. e4 c5 2. Nc3 Nc6 3. f4 e6 4. Nf3 a6 5. Bd3 d5 6. b3 g6 7. exd5 exd5 8. Qe2+
Nge7 9. Ba3 b6 10. Ne5 Be6 11. Bxa6 Bg7 12. Bb5 O-O 13. Nxc6 Nxc6 14. Bxc6 Rxa3
15. O-O c4 16. Qf3 Qd6 17. Nxd5 Bxa1 18. Rxa1 Bxd5 19. Bxd5 cxb3 20. Bxb3 Qxd2
21. Kh1 Rd8 22. f5 Ra7 23. Rf1 Qd7 24. Qe3 Qd6 25. f6 Kh8 26. h3 Rg8 27. Qg5 Qc5
28. Qf4 g5 29. Qe4 g4 30. h4 Qh5 31. g3 Qc5 32. c4 Rd7 33. Bc2 Rg6 34. Qe8+ Rg8
35. Qxd7 Qxc4 36. Qf5 Qc6+ 37. Qe4 Qxe4+ 38. Bxe4 Re8 39. Rd1 h6 40. Bf5 1-0